Plantilla Arsenal Champions League 2024/2025 - Estadísticas

Estadísticas generales
  • Esta prueba ha sido intentada 87 veces
  • La puntuación promedio es 19 de 23
Estadísticas de respuestas
Imagen Respuesta % Correcto
David Raya
100%
Bukayo Saka
95%
Declan Rice
95%
Gabriel Jesus
95%
Martin Ødegaard
95%
Raheem Sterling
95%
Mikel Merino
93%
Neto
93%
William Saliba
93%
Thomas Partey
90%
Gabriel
88%
Gabriel Martinelli
88%
Riccardo Calafiori
88%
Jorginho
84%
Oleksandr Zinchenko
83%
Kai Havertz
81%
Leandro Trossard
81%
Ben White
78%
Takehiro Tomiyasu
78%
Jurriën Timber
75%
Kieran Tierney
65%
Jakub Kiwior
51%
Tommy Setford
15%
No se encontraron pruebas coincidentes
Distribución de puntuación
Porcentaje de gente con cada puntuación
Porcentaje por número respondido
Historial de tus puntuaciones
No has intentado esta prueba.